[Event "AUTO-INT-1231"]
[Site "http://www.queenalice.com/game.php?id=552034"]
[Date "2009.3.7"]
[Round "1"]
[White "ricardofortaleza"]
[Black "ConorF"]
[Result "0-1"]
[WhiteElo "1393"]
[BlackElo "1458"]

1. e4 e5 2. Nf3 Nc6 3. g3 d5 4. exd5 Qxd5 5. Bg2 Nd4 6. O-O e4 7. c3 exf3 8.
Bxf3 Nxf3+ 9. Kg2 Ne1+ 10. Kg1 Qg2# 0-1

[Event "AUTO-INT-1231"]
[Site "http://www.queenalice.com/game.php?id=552037"]
[Date "2009.3.7"]
[Round "1"]
[White "ConorF"]
[Black "samuelrmgs"]
[Result "1-0"]
[WhiteElo "1477"]
[BlackElo "1267"]

1. d4 d5 2. Nc3 Nf6 3. Nf3 Bg4 4. Ne5 h6 5. Nb5 c6 6. h3 Bf5 7. Bf4 e6 8. Ng4
Nxg4 9. Nc7+ Ke7 10. Nxa8 Na6 11. hxg4 Bxg4 12. f3 Qxa8 13. fxg4 h5 14. gxh5 f6
15. e3 b5 16. a4 Ke8 17. axb5 cxb5 18. Rxa6 Bb4+ 19. c3 Be7 20. Bxb5+ Kf8 21. h6
gxh6 22. Bxh6+ Kg8 23. Qg4+ Kh7 24. Qg7# 1-0

[Event "Challenge"]
[Site "http://www.queenalice.com/game.php?id=553760"]
[Date "2009.3.10"]
[Round "-"]
[White "nadigo"]
[Black "ConorF"]
[Result "1-0"]
[WhiteElo "1204"]
[BlackElo "1549"]

1. e4 e5 2. Nf3 d6 3. Bb5+ c6 4. Ba4 b5 5. Bb3 Nf6 6. O-O Nxe4 7. d3 Nxf2 8.
Rxf2 Qb6 9. Ng5 d5 10. Qf3 f6 11. Nh3 Bc5 12. Qg3 g5 13. Kf1 Bxf2 14. Nxf2 Rf8
15. c3 h5 16. Be3 h4 17. Qf3 c5 18. Qxd5 Bb7 19. Qxc5 Nd7 20. Qxb6 axb6 21. c4
Nc5 22. Bd1 Rh8 23. cxb5 g4 24. Nxg4 f5 25. Nxe5 h3 26. Nc3 Bxg2+ 27. Kf2 Ne6
28. Bf3 Bxf3 29. Kxf3 f4 30. Bf2 Rf8 31. Bxb6 Rb8 32. Na4 Ng5+ 33. Kg4 f3 34.
Kxg5 Rb7 35. Rf1 f2 36. Bxf2 Rxb5 37. d4 Rb7 38. Nd3 Rg7+ 39. Kh6 Rg2 40. Re1+
Kd7 41. Bg3 Rd2 42. Nac5+ Kc6 43. Kg7 Ra8 44. Ra1 Ra7+ 45. Kg6 Rg2 46. a3 Ra8
47. Rf1 Rd8 48. Rf6+ Kb5 49. b3 Ra8 50. a4+ Rxa4 51. Nxa4 Rxg3+ 52. hxg3 1-0

[Event "Challenge"]
[Site "http://www.queenalice.com/game.php?id=555915"]
[Date "2009.3.14"]
[Round "-"]
[White "Ebbe"]
[Black "ConorF"]
[Result "0-1"]
[WhiteElo "1892"]
[BlackElo "1549"]

1. e4 e5 2. d4 Nc6 3. d5 Nce7 4. Bg5 f6 5. Bh4 g5 6. Bg3 c6 7. d6 Qa5+ 8. Nc3
Ng6 9. Be2 b5 10. a3 b4 11. axb4 Qxb4 12. Ra3 Bxd6 13. Rb3 Qd4 14. Nf3 Qxd1+ 15.
Nxd1 f5 16. Nxg5 f4 17. Rf3 Nf6 18. h4 h6 19. Nh3 Nxe4 20. Bh2 Nxh4 21. Rd3
Nxg2+ 22. Kf1 Nh4 23. f3 Ba6 24. fxe4 f3 25. Rxd6 fxe2+ 26. Ke1 Nf3+ 27. Kf2 Rf8
28. Ne3 Nxh2+ 29. Nf5 Ng4+ 30. Ke1 Rb8 31. b3 Rb4 32. c4 Bxc4 33. Ng1 Rxb3 34.
Nxe2 Nf6 35. Rxh6 Nxe4 36. Ng7+ Kd8 37. Ne6+ Bxe6 38. Rd1 Bg4 39. Rxc6 Rf2 40.
Rc2 Rh2 0-1

[Event "Challenge"]
[Site "http://www.queenalice.com/game.php?id=567408"]
[Date "2009.4.5"]
[Round "-"]
[White "paloberto"]
[Black "ConorF"]
[Result "0-1"]
[WhiteElo "1641"]
[BlackElo "1591"]

1. e4 Nc6 2. Nf3 Nf6 3. e5 Ng4 4. d4 e6 5. h3 Nh6 6. Bb5 a6 7. Ba4 b5 8. Bb3 Bb7
9. O-O f6 10. Bf4 g5 11. Bg3 Nf5 12. Nc3 fxe5 13. Nxe5 Nxe5 14. Bxe5 Rg8 15.
Qh5+ Rg6 16. Qxh7 Nh4 17. Bg3 Qe7 18. Qh8 Bxg2 19. Bxh4 gxh4 20. d5 Bxd5+ 21.
Kh2 Rg2+ 22. Kh1 Bf3 23. Qe5 Rg5+ 24. Kh2 Rxe5 25. Rg1 Rg5 26. Rxg5 Qxg5 27. Rg1
Bd6+ 28. Rg3 hxg3+ 29. fxg3 Qxg3# 0-1

[Event "AUTO-INT-1264"]
[Site "http://www.queenalice.com/game.php?id=568072"]
[Date "2009.4.7"]
[Round "1"]
[White "ConorF"]
[Black "lobispito"]
[Result "0-1"]
[WhiteElo "1603"]
[BlackElo "1739"]

1. e4 e5 2. f4 exf4 3. Bc4 Qh4+ 4. g3 fxg3 5. Nf3 Qxe4+ 6. Qe2 Qxe2+ 7. Bxe2
gxh2 8. Rxh2 Bd6 9. Rh3 Nf6 10. d4 Nc6 11. Ng5 Nxd4 12. Bc4 Nxc2+ 13. Kd1 Nxa1
14. Nxf7 Rf8 15. Re3+ Be7 16. Ng5 h6 17. Nh3 d5 18. Bf1 Bg4+ 19. Be2 Bxe2+ 20.
Rxe2 Ne4 21. Nd2 Nxd2 22. Kxd2 Rf7 23. b3 O-O-O 24. Bb2 Bb4+ 25. Bc3 Bxc3+ 26.
Kxc3 Rf3+ 27. Kb2 Nxb3 28. Ng1 Nc1 29. Rd2 Rf1 0-1

[Event "AUTO-INT-1264"]
[Site "http://www.queenalice.com/game.php?id=568079"]
[Date "2009.4.7"]
[Round "1"]
[White "ConorF"]
[Black "kabbal"]
[Result "0-1"]
[WhiteElo "1518"]
[BlackElo "1933"]

1. Nf3 d5 2. d4 Nf6 3. e3 e6 4. Bd3 c5 5. c3 Nc6 6. Nbd2 Bd6 7. O-O cxd4 8. exd4
O-O 9. Qe2 Re8 10. c4 b6 11. Nb3 Bb7 12. c5 bxc5 13. dxc5 Bb8 14. Bb5 a6 15.
Bxc6 Bxc6 16. Ne5 Bb5 17. Nd3 e5 18. a4 Bc4 19. Nd2 e4 20. Qd1 Bxd3 21. Re1 Qc7
22. g3 Qxc5 23. Nb3 Qc2 24. Qxc2 Bxc2 25. Nd4 Bd3 26. Bf4 Bxf4 27. gxf4 Rab8 28.
b3 Rb4 29. Nc6 Rxb3 30. Nd4 Rb2 31. f3 h6 32. a5 Rc8 0-1

[Event "AUTO-INT-1264"]
[Site "http://www.queenalice.com/game.php?id=568080"]
[Date "2009.4.7"]
[Round "1"]
[White "kabbal"]
[Black "ConorF"]
[Result "1-0"]
[WhiteElo "1870"]
[BlackElo "1550"]

1. d4 d5 2. c4 e6 3. Nc3 Nf6 4. Bg5 Bb4 5. cxd5 Qxd5 6. Qa4+ Nc6 7. Bxf6 gxf6 8.
Qxb4 Nxb4 9. Nxd5 Nxd5 10. e4 Nb6 11. Nf3 f5 12. exf5 exf5 13. Bd3 Be6 14. Rc1
Na4 15. Bb5+ Bd7 16. Bxa4 Bxa4 17. Rxc7 Bc6 18. Ne5 Bd5 19. a3 Rg8 20. Rg1 f6
21. Nd3 Rg4 22. Rxh7 Rc8 23. Rh8+ Kd7 24. Rxc8 Kxc8 25. f4 Bc4 26. Kd2 b5 27. g3
a5 28. Rc1 a4 29. b3 axb3 30. Nb2 Kb8 31. Nxc4 bxc4 32. Rxc4 Rg7 33. Rb4+ Rb7
34. Rxb7+ Kxb7 35. h4 Kb6 36. Kc3 1-0

[Event "Challenge"]
[Site "http://www.queenalice.com/game.php?id=577548"]
[Date "2009.4.25"]
[Round "-"]
[White "ConorF"]
[Black "Fernando_cun"]
[Result "1-0"]
[WhiteElo "1586"]
[BlackElo "1616"]

1. e4 b6 2. d4 Ba6 3. Bxa6 Nxa6 4. c3 e6 5. Nf3 h6 6. Ne5 Bd6 7. O-O Bxe5 8.
dxe5 Qh4 9. b4 Qxe4 10. Qa4 Nxb4 11. Rd1 c6 12. Ba3 Nc2 13. Qxe4 Nxa1 14. Qd4
O-O-O 15. Qa4 Kb7 16. Rd6 a5 17. Qd4 Kc7 18. Qd3 h5 19. Qa6 Ne7 20. Qa7+ Kc8 21.
Qxb6 Nd5 22. Rxd5 exd5 23. Qa6+ Kb8 24. Bd6# 1-0

[Event "AUTO-INT-1231"]
[Site "http://www.queenalice.com/game.php?id=584343"]
[Date "2009.5.7"]
[Round "2"]
[White "ConorF"]
[Black "ingridcardoso"]
[Result "0-1"]
[WhiteElo "1547"]
[BlackElo "1577"]

1. Nf3 Nc6 2. e4 e5 3. Bc4 Nf6 4. Ng5 d5 5. exd5 Nxd5 6. Qf3 Be6 7. Nc3 Ncb4 8.
O-O Qxg5 9. d4 exd4 10. Bxg5 dxc3 11. bxc3 Nxc2 12. Rac1 Na3 13. Rfe1 Be7 0-1

[Event "AUTO-INT-1231"]
[Site "http://www.queenalice.com/game.php?id=584344"]
[Date "2009.5.7"]
[Round "2"]
[White "ingridcardoso"]
[Black "ConorF"]
[Result "1-0"]
[WhiteElo "1592"]
[BlackElo "1532"]

1. e4 e5 2. Nf3 Nc6 3. Bb5 a6 4. Bxc6 dxc6 5. O-O f6 6. d4 exd4 7. Nxd4 Bc5 8.
c3 Nh6 9. Bxh6 Rg8 10. Bf4 g5 11. Bg3 Bd6 12. Bxd6 Qxd6 13. c4 c5 14. Qh5+ 1-0